Sindicatos, trade-unions y corporaciones
में बचाया:
| मुख्य लेखक: | |
|---|---|
| स्वरूप: | पुस्तक |
| भाषा: | स्पेनिश |
| प्रकाशित: |
Granada
Comares S. L
2014
|
| संस्करण: | 1a. ed |
| श्रृंखला: | Colección Crítica del Derecho, 110
|
| विषय: | |
| टैग: |
टैग जोड़ें
कोई टैग नहीं, इस रिकॉर्ड को टैग करने वाले पहले व्यक्ति बनें!
|
MARC
| LEADER | 00000cam a2200000 a 4500 | ||
|---|---|---|---|
| 001 | UCE7733 | ||
| 003 | CL-VaPUC | ||
| 008 | 150703e20140000sp |||||||||||||||||spa|d | ||
| 020 | |a 9788490451571 | ||
| 082 | 0 | 4 | |a 344.4601 |b REN |2 21 |
| 100 | |a Renard, Georges |e autor |9 580423 | ||
| 245 | 1 | 0 | |a Sindicatos, trade-unions y corporaciones |
| 250 | |a 1a. ed | ||
| 300 | |a 299 p | ||
| 942 | |c BK | ||
| 945 | |d 20150703 10:05:00 |a dcastane | ||
| 260 | |a Granada |b Comares S. L |c 2014 | ||
| 650 | 0 | |a Sindicatos |9 255034 | |
| 650 | 0 | |a Corporaciones |9 257298 | |
| 650 | 7 | |a DERECHO LABORAL |2 CL-VaPUC |9 15 | |
| 583 | |a last modification |c 20170803 01:43:05 |k Rodrigo Vera | ||
| 490 | 0 | |a Colección Crítica del Derecho, 110 | |
| 999 | |c 359764 |d 359762 | ||
| 952 | |0 0 |1 0 |3 erb |4 0 |6 344_460100000000000_REN_2014 |7 0 |8 A |9 469303 |a BIBDER |b BIBDER |i 5169232 |o 344.4601 REN 2014 |p 5169232 |r 2023-01-25 |w 2019-11-23 |y BK |z Catalogado en:20150703 |k DER | ||